| 000 | 02509cas a22005897a 4500 | ||
|---|---|---|---|
| 005 | 20220329142009.0 | ||
| 008 | 981207c1936 uk mr p rnn 0 0b1eng d | ||
| 010 | _a76825 | ||
| 011 | _a77797 | ||
| 022 | 0 | _a0308-8197 | |
| 035 | _a87483 | ||
| 245 | 0 | 0 | _aDairy Industries International |
| 260 | 0 |
_aDartford, Kent, U.K. : _bWilmington Publishing, _c1936- |
|
| 300 |
_av. : _bilus. |
||
| 310 | _aMensual | ||
| 362 | 1 | _av.63 n.9, 1998 | |
| 590 |
_aBATCH-UPD _b10 _c20130110 _lUCH01 _h0429 |
||
| 590 |
_aBATCH-UPD _b10 _c20130410 _lUCH01 _h0104 |
||
| 590 |
_aBATCH-UPD _b10 _c20130410 _lUCH01 _h1632 |
||
| 590 |
_aBATCH-UPD _b10 _c20130914 _lUCH01 _h1635 |
||
| 590 |
_aCONVERSION _b10 _c20130109 _lUCH01 _h1342 |
||
| 650 | 1 | 4 |
_aIndustria lechera _xPublicaciones periódicas. _957853 |
| 650 | 1 | 4 |
_aProductos lácteos _xPublicaciones periódicas. _992151 |
| 866 | _av. 64 n. 1 (Enero 1999) - v. 64 n. 12 (Diciembre 1999) | ||
| 866 | _av. 65 n. 1 (Enero 2000) - v. 65 n. 12 (Diciembre 2000) | ||
| 866 | _av. 66 n. 1 (Enero 2001) - v. 66 n. 12 (Diciembre 2001) | ||
| 866 | _av. 67 n. 4 (Abril 2002) - v. 67 n. 12 (Diciembre 2002) | ||
| 866 | _av. 68 n. 1 (Enero 2003) | ||
| 866 | _av. 68 n. 3 (Marzo 2003) - v. 68 n. 12 (Diciembre 2003) | ||
| 866 | _av. 69 n. 1 (Enero 2004) - v. 69 n. 12 (Diciembre 2004) | ||
| 866 | _av. 70 n. 1 (Enero 2005) - v. 70 n. 3 (Marzo 2005) | ||
| 866 | _av. 71 n. 1 (Enero 2006) - v. 71 n. 5 (Mayo 2006) | ||
| 866 | _av. 71 n. 11 (Noviembre 2006) - v. 73 n. 12 (Diciembre 2008) | ||
| 866 | _av. 71 n. 7 (Julio 2006) - v. 71 n. 9 (Septiembre 2006) | ||
| 866 | _av. 74 n. 1 (Enero 2009) - v. 74 n. 12 (Diciembre 2009) | ||
| 866 | _av. 75 n. 3 (Marzo 2010) - v. 75 n. 8 (Agosto 2010) | ||
| 866 | _av.38 n.1-v.39 n.11 - (1973-1974) | ||
| 866 | _av.40 n.2,5-6,8-11 - (1975) | ||
| 866 | _av.41 n.1-8,10,12 - (1976) | ||
| 866 | _av.44 n.2,4-12 - (1979) | ||
| 866 | _av.45 n.2-3,5-10,12 - (1980) | ||
| 866 | _av.46 n.1-v.48 n.1 - (1981-1983) | ||
| 866 | _av.49 n.5-6,8,10-12 - (1984) | ||
| 866 | _av.50 n.1-7, 9-12 - (1985) | ||
| 866 | _av.51 n.1-v.52 n.3 - (1986-1987) | ||
| 866 | _av.52 n.6-v.55 n.12 - (1987-1990) | ||
| 866 | _av.57 n.1-v.60 n.12 - (1992-1995) | ||
| 866 | _av.62 n.1-v.63 n.12 - (1997-1998) | ||
| 901 | _aSE | ||
| 905 | _aLilia Sánchez G. | ||
| 999 |
_c76825 _d76825 |
||